000 00632nam a2200229Ia 4500
003 OSt
005 20220923230604.0
006 a|||||r|||| 00| 0
007 ta
008 Pun
024 _a283,404
037 _cTextual
040 _aARTS
_cARTS
_bPun
041 _2Pun
_aPun
082 _aO153,3NTI1x, M9
100 _aਤੀਰ, ਗੁਰਨਾਮ ਸਿੰਘ
245 0 _aਦਿੱਲੀ ਦੀ ਵਕੀਲ ਕੁੜੀ
260 _c1989
650 _aਪੰਜਾਬੀ ਸਾਹਿਤ
942 _hO153,3NTI1x, M9
_cTEXL
_2CC
999 _c385892
_d385892